Sm Liiga Jäähykuninkaat - Statistics

Yleistilastot
  • Tätä visaa on pelattu 19 kertaa
  • Keskiarvotulos 3 / 50
Vastaustilastot
Hint Vastaus % Oikein
2010-2011 Antti Tyrväinen
22%
2021-2022 Braden Christoffer
22%
2016-2017 Markus Kankaanperä
17%
2005-2006 Matt Nickerson
17%
1980-1981 Veli-Pekka Ketola
17%
1994-1995 Jari Levonen
11%
1975-1976 Lalli Partinen
11%
2012-2013 Markus Kankaanperä
11%
2019-2020 Martin Berger
11%
2008-2009 Matt Nickerson
11%
2003-2004 Pasi Nielikäinen
11%
2007-2008 Sami Helenius
11%
1993-1994 Timo Peltomaa
11%
2015-2016 Ben Blood
6%
1986-1987 Brent Sapergia
6%
1988-1989 Dave Donnelly
6%
1989-1990 Dave Moylan
6%
2022-2023 Eetu Liukas
6%
1977-1978 Hannu Kapanen
6%
1978-1979 Heikki Riihiranta
6%
1995-1996 Jari Kauppila
6%
1979-1980 Jari Viitala
6%
2004-2005 Jarkko Ruutu
6%
1996-1997 Jarkko Ruutu
6%
2013-2014 Jyri Marttinen
6%
1990-1991 Kari Kanervo
6%
2020-2021 Martin Berger
6%
2024-2025 Michael Vucojevic
6%
2018-2019 Otto Karvinen
6%
2000-2001 Timo Willman
6%
1985-1986 Arto Jokinen
0%
2017-2018 Ben Blood
0%
1992-1993 Brian Tutt
0%
1987-1988 Gary Yaremchuk
0%
1999-2000 Hannes Hyvönen
0%
2011-2012 Jarkko Ruutu
0%
1983-1984 Jyrki Paakkarinen
0%
1998-1999 Marko Tuomainen
0%
1976-1977 Mike Hyndman
0%
1984-1985 Mikko Leinonen
0%
2014-2015 Otto Karvinen
0%
2006-2007 Pasi Peltonen
0%
1981-1982 Ralph Cox
0%
1982-1983 Ralph Cox
0%
2001-2002 Roman Vopat
0%
2009-2010 Sami Helenius
0%
2002-2003 Timo Peltomaa
0%
1991-1992 Tomas Jelinek
0%
1997-1998 Toni Mäkiaho
0%
2023-2024 Zack Hayes
0%
Ehtoja vastaavia visoja ei löytynyt
Tulosjakauma
Jokaisen tuloksen saaneiden osuus
Persentiili vastausten määrän mukaan
Tuloshistoriasi
Et ole pelannut tätä visaa